[Event "Speed Chess Super Swiss"]
[Site "Chess.com INT"]
[Date "2020.10.03"]
[Round "9"]
[White "Zambrano Rodriguez, Alexander"]
[Black "Jakubowska, Anna"]
[Result "0-1"]
[WhiteElo "2226"]
[BlackElo "2073"]
[PlyCount "74"]
[EventDate "2020.10.03"]
[EventType "swiss (blitz)"]
[EventRounds "15"]
[EventCountry "USA"]
[SourceTitle "CBM 198 Extra"]
[Source "ChessBase"]
[SourceDate "2020.11.30"]
[SourceVersion "1"]
[SourceVersionDate "2020.11.30"]
[SourceQuality "1"]

1. e4 c6 2. d4 d5 3. e5 Bf5 4. Nf3 e6 5. c3 c5 6. Be2 Nc6 7. 0-0 h6 8. a3 cxd4 9. cxd4 Nge7 10. Nc3 g5 11. Be3 a6 12. b4 Bg7 13. Rc1 0-0 14. h3 Bg6 15. Nh2 Nf5 16. Qd2 f6 17. Nf3 fxe5 18. dxe5 Nxe5 19. Nxe5 Bxe5 20. Bc5 Rf7 21. Na4 Bf4 22. Be3 Bxe3 23. fxe3 Qd6 24. Nc5 Raf8 25. e4 dxe4 26. Qxd6 Nxd6 27. Nxe6 Rxf1+ 28. Rxf1 Rxf1+ 29. Kxf1 Bf7 30. Nd8 Bd5 31. Kf2 Kf8 32. Ke3 Ke7 33. Kd4 Bg8 34. Ke5 Bc4 35. Bg4 Nb5 36. Nxb7 e3 37. Nd6 Nxd6 0-1

[Event "Titled Tuesday intern op 6th June"]
[Site "Chess.com INT"]
[Date "2020.06.02"]
[Round "6"]
[White "Frattini, Beatriz Maria"]
[Black "Zambrano Rodriguez, Alexander"]
[Result "1-0"]
[WhiteElo "1868"]
[BlackElo "2226"]
[PlyCount "43"]
[EventDate "2020.06.02"]
[EventType "swiss (blitz)"]
[EventRounds "10"]
[EventCountry "USA"]
[SourceTitle "CBM 196 Extra"]
[Source "ChessBase"]
[SourceDate "2020.07.31"]
[SourceVersion "1"]
[SourceVersionDate "2020.07.31"]
[SourceQuality "1"]

1. e4 d5 2. exd5 Qxd5 3. Nc3 Qd6 4. d4 Nf6 5. Nf3 Bg4 6. h3 Bxf3 7. Qxf3 c6 8. Be3 e6 9. 0-0-0 Be7 10. g4 0-0 11. h4 Nd5 12. Nxd5 cxd5 13. g5 Rc8 14. Kb1 Nc6 15. h5 Nb4 16. Bd3 Nxd3 17. Rxd3 Qc6 18. Rc3 Qb5 19. Rxc8+ Rxc8 20. g6 fxg6 21. hxg6 h6 22. Qf7+ 1-0

[Event "Titled Tuesday intern op 5th May"]
[Site "Chess.com INT"]
[Date "2020.05.05"]
[Round "9"]
[White "Liyanage, Ranindu Dilshan"]
[Black "Zambrano Rodriguez, Alexander"]
[Result "1/2-1/2"]
[WhiteElo "2181"]
[BlackElo "2226"]
[PlyCount "111"]
[EventDate "2020.05.05"]
[EventType "swiss (blitz)"]
[EventRounds "10"]
[EventCountry "USA"]
[SourceTitle "EXT 2021"]
[Source "ChessBase"]
[SourceDate "2020.10.23"]
[SourceVersion "1"]
[SourceVersionDate "2020.10.23"]
[SourceQuality "1"]

1. d4 Nf6 2. Bg5 d5 3. Nd2 g6 4. e3 Bg7 5. c3 0-0 6. Bxf6 Bxf6 7. f4 c5 8. Ngf3 cxd4 9. exd4 Qc7 10. g3 Nc6 11. Bg2 Bg4 12. 0-0 Rac8 13. h3 Bf5 14. Qe2 Rfd8 15. g4 Be6 16. Ne5 Qd6 17. f5 gxf5 18. gxf5 Bd7 19. Ndf3 Bxf5 20. Nxf7 Kxf7 21. Ne5+ Nxe5 22. dxe5 Qxe5 23. Qh5+ Kg7 24. Rxf5 Qe3+ 25. Kh1 d4 26. Rf3 Qg5 27. Qxg5+ Bxg5 28. Rg3 Kh6 29. cxd4 Rxd4 30. Re1 Rc2 31. Re6+ Bf6 32. Rb3 Rd1+ 33. Kh2 Rdd2 34. Rg3 Rxb2 35. h4 Rxa2 36. Kh3 b6 37. Re4 a5 38. Re6 b5 39. Rb6 b4 40. Rb5 Rdb2 41. Bf3 Rh2+ 42. Kg4 a4 43. Rh5+ Kg7 44. Kf4+ Kh8 45. Be4 Raf2+ 46. Rf3 Rxf3+ 47. Kxf3 b3 48. Rxh7+ Kg8 49. Rh5 a3 50. Rb5 b2 51. Kg4 Rxh4+ 52. Kf5 Rxe4 53. Kxe4 a2 54. Kf5 b1Q+ 55. Rxb1 axb1Q+ 56. Ke6 1/2-1/2

[Event "Titled Tuesday intern op 5th May"]
[Site "Chess.com INT"]
[Date "2020.05.05"]
[Round "8"]
[White "Zambrano Rodriguez, Alexander"]
[Black "Saravana, Krishnan P"]
[Result "0-1"]
[WhiteElo "2226"]
[BlackElo "2312"]
[PlyCount "72"]
[EventDate "2020.05.05"]
[EventType "swiss (blitz)"]
[EventRounds "10"]
[EventCountry "USA"]
[SourceTitle "EXT 2021"]
[Source "ChessBase"]
[SourceDate "2020.10.23"]
[SourceVersion "1"]
[SourceVersionDate "2020.10.23"]
[SourceQuality "1"]

1. Nf3 Nf6 2. g3 d5 3. d4 Bf5 4. Bg2 c6 5. 0-0 h6 6. c4 e6 7. Nc3 Nbd7 8. Re1 Be7 9. Nh4 Bh7 10. Nf3 0-0 11. Nd2 a5 12. e4 dxe4 13. Ndxe4 Nxe4 14. Nxe4 Nf6 15. Nxf6+ Bxf6 16. Be3 Qb6 17. Qd2 Rfd8 18. Rad1 Qb4 19. Bf1 Rd7 20. a3 Qb6 21. Qc1 Qd8 22. Qd2 Be4 23. Bg2 Bxg2 24. Kxg2 a4 25. Qb4 b6 26. d5 c5 27. Qd2 exd5 28. cxd5 Be7 29. Bf4 Bf8 30. Re3 c4 31. Re4 b5 32. Be3 Ra6 33. Bf4 Bd6 34. h4 Bxf4 35. Rxf4 Rad6 36. Rf5 g6 0-1

[Event "Titled Tuesday intern op 28th Apr"]
[Site "Chess.com INT"]
[Date "2020.04.28"]
[Round "5"]
[White "Zambrano Rodriguez, Alexander"]
[Black "Kalogeris, Ioannis"]
[Result "0-1"]
[WhiteElo "2226"]
[BlackElo "1831"]
[PlyCount "62"]
[EventDate "2020.04.28"]
[EventType "swiss (blitz)"]
[EventRounds "10"]
[EventCountry "USA"]
[SourceTitle "EXT 2021"]
[Source "ChessBase"]
[SourceDate "2020.10.23"]
[SourceVersion "1"]
[SourceVersionDate "2020.10.23"]
[SourceQuality "1"]

1. Nf3 c5 2. c4 Nc6 3. g3 g6 4. Bg2 Bg7 5. 0-0 e5 6. d3 Nge7 7. Nc3 d6 8. Bg5 0-0 9. Qd2 Be6 10. Bh6 f6 11. Bxg7 Kxg7 12. e4 Qd7 13. Rfc1 Bh3 14. Bh1 g5 15. a3 a5 16. Ne1 Nd4 17. Qd1 a4 18. Rab1 h5 19. Ne2 Nb3 20. Rc3 Nc6 21. Rxb3 axb3 22. Qxb3 Bg4 23. f3 Be6 24. Qc2 b5 25. cxb5 Nd4 26. Nxd4 cxd4 27. a4 Rfc8 28. Qd2 Rxa4 29. Bg2 Qxb5 30. Bf1 Qb3 31. Be2 Qb4 0-1

[Event "Valencia Amazonas"]
[Site "Valencia"]
[Date "2018.06.30"]
[Round "1.1"]
[White "Hernandez Bonilla, Amelia"]
[Black "Zambrano Rodriguez, Alexander"]
[Result "0-1"]
[WhiteElo "2027"]
[BlackElo "2233"]
[PlyCount "40"]
[EventDate "2018.06.30"]
[EventType "schev"]
[EventRounds "6"]
[EventCountry "VEN"]
[SourceTitle "EXT 2019"]
[Source "ChessBase"]
[SourceDate "2018.10.10"]
[SourceVersion "1"]
[SourceVersionDate "2018.10.10"]
[SourceQuality "1"]
[WhiteTeam "Venezuela Olympic (Women)"]
[BlackTeam "Venezuela Inv"]
[WhiteTeamCountry "VEN"]
[BlackTeamCountry "VEN"]

1. e4 Nf6 2. d3 e5 3. Nf3 Nc6 4. Bg5 h6 5. Bh4 Bc5 6. Be2 d6 7. Nbd2 g5 8. Bg3 Nh5 9. c3 a5 10. a4 Qf6 11. 0-0 Nxg3 12. hxg3 h5 13. Nb3 Bb6 14. Qd2 h4 15. gxh4 gxh4 16. d4 h3 17. g3 h2+ 18. Kh1 Bg4 19. Ne1 Bh3 20. Ng2 0-0-0 0-1

[Event "Titled Tuesday intern op 17th April"]
[Site "Chess.com INT"]
[Date "2018.04.17"]
[Round "3"]
[White "Badmatsyrenov, Oleg"]
[Black "Zambrano Rodriguez, Alexander"]
[Result "1-0"]
[WhiteElo "2454"]
[BlackElo "2233"]
[PlyCount "59"]
[EventDate "2018.04.17"]
[EventType "swiss (blitz)"]
[EventRounds "10"]
[EventCountry "USA"]
[SourceTitle "EXT 2021"]
[Source "ChessBase"]
[SourceDate "2020.10.23"]
[SourceVersion "1"]
[SourceVersionDate "2020.10.23"]
[SourceQuality "1"]

1. e4 e6 2. Qe2 d5 3. exd5 Qxd5 4. Nc3 Qd8 5. b3 Nf6 6. Bb2 Be7 7. 0-0-0 0-0 8. g4 b6 9. Bg2 c6 10. g5 Nd5 11. Ne4 Nf4 12. Qf3 Nxg2 13. Qxg2 Bb7 14. h4 Nd7 15. h5 Nc5 16. h6 Nxe4 17. hxg7 Nxg5 18. gxf8Q+ Kxf8 19. f4 Bf6 20. fxg5 Bxb2+ 21. Kxb2 Qd4+ 22. c3 Qd6 23. Rxh7 a5 24. Qh2 Qd3 25. Rh3 Qd5 26. Rh8+ Ke7 27. Qc7+ Qd7 28. Qxd7+ Kxd7 29. Rxa8 Bxa8 30. Nf3 1-0

[Event "Titled Tuesday intern op 17th April"]
[Site "Chess.com INT"]
[Date "2018.04.17"]
[Round "8"]
[White "Nazario, Marc Christian"]
[Black "Zambrano Rodriguez, Alexander"]
[Result "0-1"]
[WhiteElo "2031"]
[BlackElo "2233"]
[PlyCount "91"]
[EventDate "2018.04.17"]
[EventType "swiss (blitz)"]
[EventRounds "10"]
[EventCountry "USA"]
[SourceTitle "EXT 2021"]
[Source "ChessBase"]
[SourceDate "2020.10.23"]
[SourceVersion "1"]
[SourceVersionDate "2020.10.23"]
[SourceQuality "1"]

1. e4 e6 2. Nf3 d5 3. e5 c5 4. b4 cxb4 5. d4 Nc6 6. a3 Bd7 7. axb4 Bxb4+ 8. c3 Bf8 9. Bd3 Nge7 10. Ng5 Ng6 11. Qh5 Be7 12. Nxh7 Nf8 13. Nf6+ gxf6 14. Qxh8 fxe5 15. dxe5 Qc7 16. Bf4 0-0-0 17. Qg7 Be8 18. Nd2 Kb8 19. 0-0 Na5 20. Rfb1 Qxc3 21. Qg3 b6 22. Ba6 Qxg3 23. Bxg3 Ka8 24. h4 Ng6 25. h5 Nh4 26. h6 Bc6 27. Rc1 Bb7 28. Bxb7+ Kxb7 29. Bxh4 Bxh4 30. Nf3 Be7 31. Rcb1 Nc4 32. Kh2 Rh8 33. Kg3 Rxh6 34. Rh1 Rg6+ 35. Kh2 Bd8 36. Rhg1 Bc7 37. Rae1 f6 38. g4 fxe5 39. Kg2 e4 40. Nh2 Ne5 41. Kh3 Rh6+ 42. Kg2 Rg6 43. Kh3 Rh6+ 44. Kg2 Nd3 45. Rh1 Nxe1+ 46. Kf1 0-1

[Event "Titled Tuesday intern op 17th April"]
[Site "Chess.com INT"]
[Date "2018.04.17"]
[Round "2"]
[White "Zambrano Rodriguez, Alexander"]
[Black "Tomb, Maroun"]
[Result "0-1"]
[WhiteElo "2233"]
[BlackElo "2182"]
[PlyCount "110"]
[EventDate "2018.04.17"]
[EventType "swiss (blitz)"]
[EventRounds "10"]
[EventCountry "USA"]
[SourceTitle "EXT 2021"]
[Source "ChessBase"]
[SourceDate "2020.10.23"]
[SourceVersion "1"]
[SourceVersionDate "2020.10.23"]
[SourceQuality "1"]

1. e4 d6 2. d4 Nf6 3. Nc3 e5 4. dxe5 dxe5 5. Qxd8+ Kxd8 6. Bg5 Be6 7. 0-0-0+ Kc8 8. f3 Nbd7 9. Nge2 c6 10. Kb1 h6 11. Be3 Bc5 12. Bxc5 Nxc5 13. Nc1 a5 14. Nb3 Nfd7 15. Be2 a4 16. Nxc5 Nxc5 17. Rd6 Kc7 18. Rhd1 Rhd8 19. Rxd8 Rxd8 20. Rxd8 Kxd8 21. a3 Ke7 22. Nd1 g6 23. Ne3 f5 24. exf5 gxf5 25. Kc1 f4 26. Nc4 Bxc4 27. Bxc4 Kf6 28. Kd2 Kf5 29. Bg8 Kg5 30. b4 axb3 31. cxb3 e4 32. fxe4 Nxe4+ 33. Ke2 Nf6 34. Be6 h5 35. h3 Ne4 36. Bc8 Nd6 37. Be6 Kf6 38. Bd7 Nb5 39. Kf3 Kg5 40. a4 Nd4+ 41. Ke4 Nxb3 42. Ke5 Nc5 43. Bc8 b6 44. Kd6 Nxa4 45. Kxc6 Kh4 46. Kb5 Nc3+ 47. Kxb6 Nd5+ 48. Kc5 Ne3 49. Bb7 Kg3 50. Bf3 h4 51. Kd4 Nxg2 52. Bg4 f3 53. Kd3 f2 54. Ke2 Ne3 55. Kxe3 f1Q 0-1

[Event "Valencia Martis Cup 1st"]
[Site "Valencia"]
[Date "2017.12.06"]
[Round "4"]
[White "Zambrano Rodriguez, Alexander"]
[Black "Sanchez, Sebastian Felipe"]
[Result "0-1"]
[WhiteElo "2252"]
[BlackElo "2386"]
[PlyCount "64"]
[EventDate "2017.12.05"]
[EventType "tourn"]
[EventRounds "9"]
[EventCountry "VEN"]
[EventCategory "3"]
[SourceTitle "CBM 182 Extra"]
[Source "ChessBase"]
[SourceDate "2018.02.23"]
[SourceVersion "1"]
[SourceVersionDate "2018.02.23"]
[SourceQuality "1"]

1. e4 e6 2. d3 d5 3. Nd2 c5 4. Ngf3 Nc6 5. g3 Bd6 6. Bg2 Nge7 7. 0-0 0-0 8. Re1 Qc7 9. b3 f6 10. Bb2 d4 11. Bh3 a6 12. c3 e5 13. Bxc8 Rfxc8 14. c4 Qd7 15. Nh4 g5 16. Ng2 Qh3 17. Qf3 Rf8 18. g4 Qxf3 19. Nxf3 h5 20. h3 Kf7 21. Nh2 Rh8 22. Nf1 Nb4 23. Red1 hxg4 24. hxg4 b5 25. Ng3 bxc4 26. dxc4 a5 27. Nh5 a4 28. Ne1 Ra6 29. Ba3 Nec6 30. Bxb4 Nxb4 31. Nd3 Rb8 32. Nxb4 Rxb4 0-1

[Event "Caracas Jovenes"]
[Site "Caracas"]
[Date "2017.12.02"]
[Round "7"]
[White "Franco Valencia, Beatriz Irene"]
[Black "Zambrano Rodriguez, Alexander"]
[Result "1/2-1/2"]
[WhiteElo "2220"]
[BlackElo "2252"]
[PlyCount "121"]
[EventDate "2017.11.29"]
[EventType "tourn"]
[EventRounds "9"]
[EventCountry "VEN"]
[SourceTitle "EXT 2019"]
[Source "ChessBase"]
[SourceDate "2018.10.10"]
[SourceVersion "1"]
[SourceVersionDate "2018.10.10"]
[SourceQuality "1"]

1. d4 d5 2. c4 c6 3. Nc3 Nf6 4. e3 e6 5. Nf3 Nbd7 6. Bd3 dxc4 7. Bxc4 b5 8. Bd3 a6 9. 0-0 c5 10. b3 Bb7 11. Bb2 Bd6 12. Qe2 0-0 13. Rfd1 cxd4 14. exd4 Qb8 15. h3 b4 16. Na4 Nd5 17. Qc2 N7f6 18. Ne5 Nf4 19. Bf1 Qd8 20. Nc5 Bd5 21. g3 Ng6 22. Qd2 Ra7 23. Rac1 a5 24. Bg2 Bxg2 25. Kxg2 Qa8+ 26. f3 Bxe5 27. dxe5 Nd5 28. Ne4 a4 29. Bd4 axb3 30. axb3 Ra2 31. Rc2 Rxc2 32. Qxc2 Nxe5 33. Qf2 Ng6 34. h4 Nge7 35. Kh2 Nf5 36. Bc5 Rc8 37. Rd2 Qa1 38. Ra2 Qd1 39. Rb2 Qd3 40. Qe2 Qxe2+ 41. Rxe2 Ra8 42. Rc2 h6 43. Nf2 Ra1 44. Nd3 Rb1 45. Rb2 Rxb2+ 46. Nxb2 Nfe3 47. Nd3 Nf1+ 48. Kg2 Nd2 49. Nxb4 Nxb3 50. Bd6 Ne3+ 51. Kf2 Nf5 52. Bf4 h5 53. Nd3 f6 54. Be3 e5 55. Nc5 Nxc5 56. Bxc5 Kf7 57. Bb4 Ke6 58. Bf8 g6 59. Bb4 Kd5 60. Ba5 Kc4 61. Bd8 1/2-1/2

[Event "Caracas Jovenes"]
[Site "Caracas"]
[Date "2017.11.30"]
[Round "4"]
[White "Palomo, Franklin Annervys"]
[Black "Zambrano Rodriguez, Alexander"]
[Result "0-1"]
[WhiteElo "2286"]
[BlackElo "2252"]
[PlyCount "76"]
[EventDate "2017.11.29"]
[EventType "tourn"]
[EventRounds "9"]
[EventCountry "VEN"]
[SourceTitle "EXT 2019"]
[Source "ChessBase"]
[SourceDate "2018.10.10"]
[SourceVersion "1"]
[SourceVersionDate "2018.10.10"]
[SourceQuality "1"]

1. d4 d5 2. c4 c6 3. Nf3 Nf6 4. g3 Bf5 5. Bg2 e6 6. 0-0 Bd6 7. Nbd2 h6 8. b3 Nbd7 9. Bb2 Qb8 10. Rc1 0-0 11. Re1 Bh7 12. a3 a5 13. c5 Bc7 14. b4 axb4 15. axb4 Ne4 16. Nxe4 Bxe4 17. Bh3 b5 18. Qb3 Qb7 19. Nd2 Bf5 20. Bg2 Nf6 21. f3 Rfe8 22. e4 Bg6 23. e5 Nd7 24. f4 Ra4 25. Nf1 Rea8 26. Ne3 Bd8 27. g4 Bh7 28. Nd1 Rxb4 29. Qxb4 Ba5 30. Qb3 Bxe1 31. Bc3 Bxc3 32. Nxc3 Qa7 33. f5 Nf8 34. Bf1 exf5 35. Bxb5 cxb5 36. Nxb5 Qa5 37. c6 fxg4 38. c7 Bf5 0-1

[Event "Caracas Jovenes"]
[Site "Caracas"]
[Date "2017.11.29"]
[Round "1"]
[White "Zambrano Rodriguez, Alexander"]
[Black "Hernandez Jimenez, Alexander Andres"]
[Result "1-0"]
[WhiteElo "2252"]
[BlackElo "2182"]
[PlyCount "93"]
[EventDate "2017.11.29"]
[EventType "tourn"]
[EventRounds "9"]
[EventCountry "VEN"]
[SourceTitle "EXT 2019"]
[Source "ChessBase"]
[SourceDate "2018.10.10"]
[SourceVersion "1"]
[SourceVersionDate "2018.10.10"]
[SourceQuality "1"]

1. e4 e5 2. Nf3 Nc6 3. Nc3 Bb4 4. Nd5 Ba5 5. Bc4 d6 6. 0-0 Nf6 7. c3 0-0 8. d4 h6 9. b4 Bb6 10. a4 a6 11. Nxb6 cxb6 12. dxe5 Nxe5 13. Nxe5 dxe5 14. Qxd8 Rxd8 15. f3 Bd7 16. Be3 Rdc8 17. Be2 Rxc3 18. Bxb6 Rac8 19. Rfd1 Rc2 20. Bf1 Rb2 21. Bc5 Be8 22. Bd6 Nd7 23. a5 Nf8 24. Rac1 Bc6 25. Rb1 Rxb1 26. Rxb1 Ng6 27. b5 axb5 28. Bxb5 f6 29. Rc1 Bd7 30. Rxc8+ Bxc8 31. Bc4+ Kh7 32. g3 Nh8 33. Kf2 g6 34. Bf8 g5 35. Ke3 Ng6 36. Bd6 Kg7 37. Bd5 Nf8 38. Kd3 Ne6 39. Kc4 Nd4 40. f4 gxf4 41. gxf4 Nf3 42. Kc5 Nxh2 43. fxe5 Ng4 44. e6 Ne5 45. Bxe5 fxe5 46. Kd6 h5 47. e7 1-0

[Event "Valencia Carabobeno 3rd"]
[Site "Valencia"]
[Date "2017.08.26"]
[Round "3"]
[White "Zambrano Rodriguez, Alexander"]
[Black "Sanchez Alvarez, Kelvin Antonio"]
[Result "1-0"]
[WhiteElo "2288"]
[BlackElo "2273"]
[PlyCount "105"]
[EventDate "2017.08.25"]
[EventType "swiss"]
[EventRounds "5"]
[EventCountry "VEN"]
[SourceTitle "CBM 180 Extra"]
[Source "ChessBase"]
[SourceDate "2017.10.06"]
[SourceVersion "1"]
[SourceVersionDate "2017.10.06"]
[SourceQuality "1"]

1. c4 Nf6 2. Nc3 c6 3. d4 d5 4. cxd5 cxd5 5. Bf4 Nc6 6. e3 a6 7. Bd3 e6 8. Rc1 Bb4 9. Nf3 0-0 10. 0-0 Bd7 11. Ne5 Rc8 12. Bg5 h6 13. Bxf6 gxf6 14. Qg4+ Kh8 15. Qh5 Kg7 16. Qg4+ Kh8 17. Qh4 Kg7 18. Nxd7 Qxd7 19. Ne2 Bd6 20. a3 Ne7 21. f4 Rxc1 22. Rxc1 Ng6 23. Qh5 e5 24. Ng3 Rh8 25. fxe5 fxe5 26. Bf5 Qe7 27. Qg4 Qg5 28. Nh5+ Kf8 29. Qxg5 hxg5 30. Bxg6 Rh6 31. Nf6 Rxg6 32. dxe5 Be7 33. Rc8+ Kg7 34. Rg8+ Kh6 35. Rxg6+ Kxg6 36. Nxd5 Bc5 37. g4 Kg7 38. Kg2 Ba7 39. Kf3 a5 40. a4 Bc5 41. Ke4 Kg6 42. b3 Ba3 43. Nf6 Bc1 44. Nh5 Bd2 45. Ng3 Bc3 46. Nf5 b6 47. Kd5 Bb4 48. e6 fxe6+ 49. Kxe6 Bc5 50. e4 Ba3 51. e5 Bc1 52. Kd7 Ba3 53. e6 1-0